003630000a22001210004500090001700000245006200017041001400079700003200093100004000125942001300165773004600178999001700224 aASbSeriadas10aLoras y guacamayass¿especies en peligro de extinción?0 aEspañol1 aMoyano P:, Edgar A.91001681 aCastro Ramírez, José Q.9100169 cARTICULO1 tInnovación y Cienciah2q18-19d1994g3 c15913d15913